000
00295 a2200109 4500
001
ART_18535
005
20260410161702.0
008
260409a
245
1
0
_a
Factura electrónica
100
1
_a
Ferraro, Ricardo H.
773
0
_t
Revista Impuestos
_g
- Nº 4 (abr. 2011)
_w
REV639
999
_c
15318
_d
15318